000 00372 a2200097 4500
245 0 0 _aTranzystory polowe - Pomiar zwarciowej admitancji w przód y21S i konduktancji przejściowej gms PN-87/T-01505/15 /
_cMin. Przem. Maszynowego.
246 1 3 _aPN-87/T-01505/15
246 1 3 _a621.382.323
260 _aWarszawa :
_bMin. Przem. Maszynowego,
_c1987.
300 _a4 stron ;
_c30 cm.
650 _aPolska norma
999 _c21087
_d21087